000 00401nam a2200181Ia 4500
001 2361
005 20260306144801.0
008 260306t2009||||xx |||||||||||||| ||spa||
041 _aESP
082 _a616.89
_bB38 V. 2
100 _aBelloch, Amparo
_eAUT
245 0 _aManual de psicopatología
260 _c2009
300 _a
_c
650 _aGEN
654 _aCPS
942 _cLIB
_dJUS
_fJUS
_2ddc
_n
999 _c2361
_d2361